Das Aufgabenkompendium zur deutschen Syntax /

Hlavní autor: Kotůlková, Veronika
Jazyk: Němčina
Vydáno: Opava : Slezská univerzita v Opavě, Filozoficko-přírodovědecká fakulta v Opavě, Ústav cizích jazyků, 2010
Vydání: Vyd. 1.
Témata:
Fyzický popis: 81 s. ; 30 cm
Knihy
Uloženo v:
LEADER 01552nam a2200445 a 4500
001 nkc20102151947
003 CZ PrNK
005 20110209082236.0
007 ta
008 101124s2010 xr e p 000 0 ger
015 |a cnb002151947 
020 |a 978-80-7248-599-4  |q (brož.) 
035 |a (OCoLC)703550296 
040 |a BOA001  |b cze  |d ABA001 
072 7 |a 811.112.2  |x Němčina  |2 Konspekt  |9 11 
072 7 |a 37.016  |x Učební osnovy. Vyučovací předměty. Učebnice  |2 Konspekt  |9 22 
080 |a 811.112.2  |2 MRF 
080 |a 81'367  |2 MRF 
080 |a (075.8)  |2 MRF 
080 |a (076.5)  |2 MRF 
100 1 |a Kotůlková, Veronika  |7 mzk2007417205  |4 aut 
245 1 4 |a Das Aufgabenkompendium zur deutschen Syntax /  |c Veronika Kotůlková 
250 |a Vyd. 1. 
260 |a Opava :  |b Slezská univerzita v Opavě, Filozoficko-přírodovědecká fakulta v Opavě, Ústav cizích jazyků,  |c 2010 
300 |a 81 s. ;  |c 30 cm 
500 |a 150 výt. 
500 |a Předmluva v češtině 
650 0 7 |a němčina  |7 ph115512  |2 czenas 
650 0 7 |a syntax  |7 ph117044  |2 czenas 
650 0 9 |a German language  |2 eczenas 
650 0 9 |a syntax  |2 eczenas 
655 7 |a učebnice vysokých škol  |7 fd133772  |2 czenas 
655 7 |a praktická cvičení  |7 fd133118  |2 czenas 
655 9 |a textbooks (higher)  |2 eczenas 
655 9 |a problems, exercises, etc.  |2 eczenas 
910 2 |a BOA001  |b 4-1254.367 
990 |a BK 
995 |a 01 
991 |b 201101  |c NOV  |e n 
996 6 |b 2610456394  |c 4-1254.367  |l MZK  |r Sklad / do 1 hodiny  |n 0  |p p.v.  |w 001161279  |u 000010  |a 1  |e BOA001  |j MZK50  |s P